| 000 | 00713nam a2200205 i 4500 | ||
|---|---|---|---|
| 001 | 24121 | ||
| 003 | ES-MaACL | ||
| 005 | 20250903053812.0 | ||
| 007 | t| | ||
| 008 | 021216s1945 sp ||||1| spa d | ||
| 100 | 1 |
_aAmatriain Matínez, Rafael. _921152 |
|
| 245 | 1 | 0 |
_aCarburantes líquidos _b: gasolina-alcohol anhídrido / _cRafael Amatriain Martínez. |
| 260 |
_aMadrid : _bAsociación Nacional de Ingenieros Industriales, _c1945 ( _fNuevas Gráficas) |
||
| 300 |
_a99 P. ; _c24 CM. |
||
| 490 | 1 |
_aA.N.I.I. ; _v22 |
|
| 710 | 2 |
_aAsociación Nacional de Ingenieros Industriales (España) _91761 |
|
| 830 | 0 |
_aA.N.I.I. ; _v22 _9229073 |
|
| 852 |
_aES-MaACL _j1866-F-11 _bR.23955 |
||
| 999 |
_c24121 _d24121 |
||